| 000 | 00775nam a2200265Ia 4500 | ||
|---|---|---|---|
| 001 | Para_1887 | ||
| 003 | CHAP | ||
| 008 | 220125s1952 xx 000 0 und d | ||
| 010 | _a198748 | ||
| 040 | _cCHAP | ||
| 082 | _aPA 632 S84 | ||
| 100 |
_aStevens, Neil Erverett _9164050 |
||
| 245 |
_aDisease in plants : _b an introduction to agricultural phytopathology / _c by Neil E. Stevens and Russell B. Stevens |
||
| 260 |
_aWaltham, Mass., USA. : _b Chronica botanica company |
||
| 300 | _a219 p. | ||
| 650 |
_aFitopatología _941161 |
||
| 700 |
_aStevens, Russell B. _9109732 |
||
| 901 | _aPA 632 S84 | ||
| 902 | _aA | ||
| 905 | _a0000001952 a 0000000000 00 | ||
| 910 | _a1952 | ||
| 942 | _cPARA | ||
| 942 |
_cPARA _d1 |
||
| 999 |
_c198748 _d198748 |
||